Enterpreneurship : (Record no. 3332)

MARC details
000 -LEADER
fixed length control field 00695nam a22002177a 4500
003 - CONTROL NUMBER IDENTIFIER
control field OSt
005 - DATE AND TIME OF LATEST TRANSACTION
control field 20250701054036.0
008 - FIXED-LENGTH DATA ELEMENTS--GENERAL INFORMATION
fixed length control field 250701b |||||||| |||| 00| 0 eng d
020 ## - INTERNATIONAL STANDARD BOOK NUMBER
International Standard Book Number 9789710596102
040 ## - CATALOGING SOURCE
Original cataloging agency DWCL - Main lib
Transcribing agency OC
082 ## - DEWEY DECIMAL CLASSIFICATION NUMBER
Classification number Fil. 338.04 G573e 2018
100 ## - MAIN ENTRY--PERSONAL NAME
Personal name Go, Josiah
245 ## - TITLE STATEMENT
Title Enterpreneurship :
Remainder of title starting an enterprise. having an innovation mindset/
Statement of responsibility, etc. Josiah Go
260 ## - PUBLICATION, DISTRIBUTION, ETC.
Place of publication, distribution, etc. Quezon City :
Name of publisher, distributor, etc. Josiah and Carolina Go Foundations,
Date of publication, distribution, etc. c2018.
300 ## - PHYSICAL DESCRIPTION
Extent xx, 359 pages :
Other physical details illustrations ;
Dimensions 26 cm.
504 ## - BIBLIOGRAPHY, ETC. NOTE
Bibliography, etc. note Includes references
650 ## - SUBJECT ADDED ENTRY--TOPICAL TERM
Topical term or geographic name entry element 1. Enterpreneurship
650 ## - SUBJECT ADDED ENTRY--TOPICAL TERM
Topical term or geographic name entry element 2.
700 ## - ADDED ENTRY--PERSONAL NAME
Personal name Chiqui Escareal Go
942 ## - ADDED ENTRY ELEMENTS (KOHA)
Source of classification or shelving scheme Dewey Decimal Classification
Koha item type Book-Filipiniana
Call number prefix Fil.
Suppress in OPAC No
952 ## - LOCATION AND ITEM INFORMATION (KOHA)
--
Holdings
Withdrawn status Lost status Source of classification or shelving scheme Damaged status Not for loan Home library Current library Shelving location Date acquired Source of acquisition Total Checkouts Full call number Barcode Date last seen Copy number Price effective from Koha item type Uniform Resource Identifier
    Dewey Decimal Classification     College Library College Library Filipiniana 10/18/2018 Replacement   Fil. 338.04 G573e 2018 51920 07/01/2025 c1 07/01/2025 BK - FIL